000 00784cam a2200289 a 4500
999 _c5535
_d5535
001 5535
003 BD-JhCC
005 20190418134017.0
008 080626s2008 nyua d 000 0 eng
020 _a9780199204632
035 _a(BD-JhCC)5535
040 _aDLC
_cDLC
_dDLC
041 _aeng
050 0 0 _aQD5
_b.D4985 2008
082 0 0 _a540.3
_222
_bDIC 2012
245 0 2 _aA dictionary of chemistry /
_cedited by John Daintith.
246 3 0 _aChemistry
246 1 4 _aOxford dictionary of chemistry
250 _a6th ed.
260 _aNew York :
_bOxford University Press,
_c2008.
300 _a584 p. :
_bill. ;
_c20 cm.
490 0 _aOxford paperback reference
650 0 _aChemistry
_vDictionaries.
700 1 _aDaintith, John.
942 _2ddc
_cBK
_01